Statystyki dla Główne postacie z gier

Kliknij tutaj aby rozwiązać quiz!

Ogólne statystyki

  • Ten quiz został rozwiązany 95 razy
  • Średni wynik to 7 z 15

Statystyki odpowiedzi

GRYODPOWIEDZI% Poprawnych
GRAND THEFT AUTOTREVOR
89%
GRAND THEFT AUTOFRANKLIN
85%
GRAND THEFT AUTOMICHAEL
83%
GOD OF WARKRATOS
78%
UNCHARTEDNATHAN DRAKE
67%
CYBERPUNK 2077V
65%
RED DEAD REDEMPTION 2ARTHUR MORGAN
64%
DYING LIGHT 1KYLE CRANE
42%
THE LAST OF USJOEL MILLER
33%
THE LAST OF USELLIE WILLIAMS
23%
FAR CRY 6DANI ROJAS
20%
METRO EXODUSARTEM
17%
DYING LIGHT 2Aiden Caldwell
14%
CALL OF DUTY MODERN WARFAREKYLE ''GAZ'' GARRICK
5%
BATLLEFIELD HARDLINEDetective Nicholas "Nick" Mendoza
3%

Rozkład punktacji

Percentyl według liczby udzielonych odpowiedzi

Procent ludzi z każdym wynikiem

Twoja historia wyników

Nie rozwiązałeś tego quizu